Advanced Digital Auditing : Theory and Practice of Auditing Complex Information Systems and Technologies.

Bibliographic Details
Main Author: Berghout, Egon.
Other Authors: Fijneman, Rob., Hendriks, Lennard., de Boer, Mona., Butijn, Bert-Jan.
Format: eBook
Language:English
Published: Cham : Springer International Publishing AG, 2022.
Edition:1st ed.
Series:Progress in IS Series
Subjects:
Online Access:Click to View
LEADER 01713nam a22004333i 4500
001 EBC7127771
003 MiAaPQ
005 20240729202204.0
006 m o d |
007 cr cnu||||||||
008 240729s2022 xx o ||||0 eng d
020 |a 9783031110894  |q (electronic bk.) 
020 |z 9783031110887 
035 |a (MiAaPQ)EBC7127771 
035 |a (Au-PeEL)EBL7127771 
035 |a (OCoLC)1351747894 
040 |a MiAaPQ  |b eng  |e rda  |e pn  |c MiAaPQ  |d MiAaPQ 
050 4 |a HF54.5-54.56 
100 1 |a Berghout, Egon. 
245 1 0 |a Advanced Digital Auditing :  |b Theory and Practice of Auditing Complex Information Systems and Technologies. 
250 |a 1st ed. 
264 1 |a Cham :  |b Springer International Publishing AG,  |c 2022. 
264 4 |c Ã2023. 
300 |a 1 online resource (265 pages) 
336 |a text  |b txt  |2 rdacontent 
337 |a computer  |b c  |2 rdamedia 
338 |a online resource  |b cr  |2 rdacarrier 
490 1 |a Progress in IS Series 
588 |a Description based on publisher supplied metadata and other sources. 
590 |a Electronic reproduction. Ann Arbor, Michigan : ProQuest Ebook Central, 2024. Available via World Wide Web. Access may be limited to ProQuest Ebook Central affiliated libraries.  
655 4 |a Electronic books. 
700 1 |a Fijneman, Rob. 
700 1 |a Hendriks, Lennard. 
700 1 |a de Boer, Mona. 
700 1 |a Butijn, Bert-Jan. 
776 0 8 |i Print version:  |a Berghout, Egon  |t Advanced Digital Auditing  |d Cham : Springer International Publishing AG,c2022  |z 9783031110887 
797 2 |a ProQuest (Firm) 
830 0 |a Progress in IS Series 
856 4 0 |u https://ebookcentral.proquest.com/lib/matrademy/detail.action?docID=7127771  |z Click to View